Výtvarná Dubnica 84

Bibliographic Details
Main Author: Kertésová, Irena (Author)
Format: Article
Language:Slovak
PhysicalDescription:Obr. 4.
Subjects:

MARC

LEADER 00000nab a2200000 a 4500
001 vtls000201847
003 SK-MaSNL
005 20260302204747.0
008 111130c1984 xo 0 slo
015 |a SNBRB19rr/mm-uuuuu 
035 |a CL0211960 
040 |a SNKBUCL  |b slo  |c SNKBUCL  |e AACR2 
041 0 |a slo 
044 |a xo  |c SK 
080 |a 73/76(437.6):061.4  |2 1981 
080 |a 061.4  |2 1981 
100 1 |a Kertésová, Irena  |4 aut  |9 921247 
245 1 0 |a Výtvarná Dubnica 84  |c Irena Kertésová 
300 |b Obr. 4. 
611 2 7 |a Výtvarná Dubnica  |n (22. :  |d 1984 :  |c Dubnica nad Váhom, Slovensko)  |2 snkbucl  |9 100204 
650 0 7 |a amatérske výtvarné umenie  |2 snkbucl  |9 74225 
651 7 |a Dubnica nad Váhom (Slovensko)  |2 snkbucl  |9 58303 
655 7 |a články z novín a časopisov  |2 snkbucl  |9 267496 
773 0 |t Výtvarníctvo fotografia film  |g Roč. 22, č. 12 (1984), s. 4-7 
850 |a Slovenská národná knižnica v Martine  |a MTA001 
852 |a SNK  |b KIS3GCP 
992 |a RBX 
999 |c 1474866  |d 1476796